|
|
|
|
| LEADER |
00000cam a2200000 a 4500 |
| 001 |
UCC3819 |
| 003 |
CL-VaPUC |
| 008 |
180615e20170000ag |||||||||||||||||spa|d |
| 020 |
|
|
|a 9789505743650
|
| 082 |
0 |
4 |
|a 345.46
|b ZAF
|2 21
|
| 100 |
0 |
|
|a Zaffaroni, E. Raúl
|e author
|9 597940
|
| 245 |
1 |
0 |
|a Doctrina penal Nazi: la dogmática penal alemana entre 1933 y 1945
|
| 250 |
|
|
|a 1a. ed
|
| 300 |
|
|
|a 328 p
|
| 942 |
|
|
|c BK
|
| 945 |
|
|
|d 20180615 12:36:00
|a arojas
|
| 260 |
|
|
|a Buenos Aires
|b Ediar
|c 2017
|
| 650 |
|
7 |
|a DERECHO PENAL ALEMAN
|2 CL-VaPUC
|9 475643
|
| 650 |
|
0 |
|a Nazismo
|9 347078
|
| 650 |
|
0 |
|a Responsabilidad moral
|9 311092
|
| 583 |
|
|
|a last modification
|c 20180615 12:36:00
|k Rodrigo Vera
|
| 999 |
|
|
|c 371492
|d 371490
|
| 952 |
|
|
|0 0
|1 0
|3 erb
|4 0
|6 345_460000000000000_ZAF_2017
|7 0
|8 A
|9 488498
|a BIBDER
|b BIBDER
|i 5475244
|l 5
|m 2
|o 345.46 ZAF 2017
|p 5475244
|r 2024-10-25
|s 2024-10-07
|w 2019-11-24
|y BK
|z Catalogado en:20180615
|k DER
|